000 00632nam a2200265Ia 4500
005 20260324152743.0
008 008 260324s9999 xx 000 0 eng d
020 _a9780128127261
037 _aEBOOK
040 _aCRL
040 _beng
040 _cCRL
041 _2eng
041 _aeng
084 _qCRL
100 _aYE, Yin-can
_9902039
245 0 _aMarine Geo-Hazards in China
260 _bElsevier
260 _c2017
650 _aEarth and Planetary Sciences
856 _uhttps://www.sciencedirect.com/science/book/9780128127261
942 _cEBOOK
999 _c1840508
_d1840508